000
00328nam a22001577a 4500
999
_c
17200
_d
17200
003
ASAB
005
20190228052413.0
008
141023t xxu||||| |||| 00| 0 eng d
038
_a
ASAB
040
_c
ASAB
082
_a
Fic
100
_a
Agatha christie
_9
11894
245
_a
Dumb Witness
300
_a
000
942
_2
ddc
_c
BK